Omnibus. : Bibliothek und Lexikon.

Bibliographic Details
Main Author: Wiegand, Erich
Format: Book
Language:German
Published: Berlin-Grunewald : F.A. Herbig, [1956]
Subjects:

MARC

Tag First Indicator Second Indicator Subfields
LEADER 00000cam a2200000 4500
001 in00000039090
005 20151007081509.0
008 800424s1956 wb abc de 00000 ger c
010 |a a 57003511  
035 |a (OCoLC)06244044 
035 |9 AAF6474AM 
040 |a Illinois. Univ. Library  |c TXA  |d UtOrBLW 
049 |a TXAM  |c [305225] 
090 |a AG27  |b .W54 1956 
092 |a 033  |b W645o 
100 1 |a Wiegand, Erich. 
245 1 0 |a Omnibus. :  |b Bibliothek und Lexikon. 
264 1 |a Berlin-Grunewald :  |b F.A. Herbig,  |c [1956] 
300 |a 1968 columns, 72 pages :  |b illustrations (part color) portraits, maps (part color) ;  |c 25 cm. 
336 |a text  |b txt  |2 rdacontent 
337 |a unmediated  |b n  |2 rdamedia 
338 |a volume  |b nc  |2 rdacarrier 
650 0 |a Encyclopedias and dictionaries, German. 
999 |a MARS 
999 f f |s f7cc8c49-e254-3f60-8359-442c8793f56e  |i ed0194b7-0875-3219-97aa-db6a81c11556  |t 0 
952 f f |p ric  |a Texas A&M University  |b Rellis Campus  |c Joint Library Facility  |d Remote Storage  |t 0  |e AG27 .W54 1956  |h Library of Congress classification  |i unmediated -- volume  |m A14805859257 
998 f f |a AG27 .W54 1956  |t 0  |l Remote Storage